Оценка изнашивания и влияние различных факторов на долговечность элементов передач: Отчет о НИР; Тема: 1.91/ПМС - 78

Bibliografiske detaljer
Institution som forfatter: Томский политехнический университет (ТПУ) (595)
Andre forfattere: Беляев А. Е. (руководитель), Гиндин Э. Б. (исполнитель)
Sprog:russisk
Udgivet: Томск, 1993
Fag:
Format: MixedMaterials Bog
KOHA link:https://koha.lib.tpu.ru/cgi-bin/koha/opac-detail.pl?biblionumber=149615

MARC

LEADER 00000nbm0a2200000 4500
001 149615
005 20231031145923.0
029 0 0 |a SU  |b 01920000324  |f ТПУ 
035 |a (RuTPU)RU\TPU\book\162207 
090 |a 149615 
100 |a 20081218d1993 k y0rusy50 ca 
101 0 |a rus 
102 |a RU 
105 |a a p 001zy 
200 1 |a Оценка изнашивания и влияние различных факторов на долговечность элементов передач  |e Отчет о НИР  |e Тема: 1.91/ПМС - 78  |f Томский политехнический университет (ТПУ) ; руководитель А. Е. Беляев ; Э. Б. Гиндин 
210 |a Томск  |d 1993 
215 |a 35 л. 
320 |a Библиогр.: с. 35. 
610 1 |a отчеты о НИР 
610 1 |a изнашивание 
610 1 |a передача 
610 1 |a долговечность 
610 1 |a роликовые передачи 
610 1 |a шариковые передачи 
675 |a 621.85(04)  |v 3 
702 1 |a Беляев  |b А. Е.  |4 673 
702 1 |a Гиндин  |b Э. Б.  |4 677 
712 0 2 |a Томский политехнический университет (ТПУ)  |c (1991- )  |2 stltpush  |3 (RuTPU)RU\TPU\col\376  |4 595 
801 1 |a RU  |b 63413507  |c 20081218  |g PSBO 
801 2 |a RU  |b 63413507  |c 20081226  |g PSBO 
942 |c BK